Statystyki dla Województwa: 20 największych miast w lubuskim

Kliknij tutaj aby rozwiązać quiz!

Ogólne statystyki

  • Ten quiz został rozwiązany 15 razy
  • Średni wynik to 17 z 20

Statystyki odpowiedzi

#MiastoPowiatPopulacja% Poprawnych
2Gorzów WielkopolskiGorzów Wielkopolski116 436
100%
1Zielona GóraZielona Góra139 278
100%
18Drezdenkostrzelecko-drezdenecki9 574
93%
15Krosno Odrzańskiekrośnieński10 679
93%
8Międzyrzeczmiędzyrzecki17 057
93%
3Nowa Sólnowosolski36 327
93%
9Słubicesłubicki16 339
93%
17Strzelce Krajeńskiestrzelecko-drezdenecki9 754
93%
16Sulęcinsulęciński9 818
93%
6Świebodzinświebodziński21 035
93%
12Wschowawschowski13 166
93%
5Żagańżagański23 730
93%
4Żaryżarski35 198
93%
11Sulechówzielonogórski15 676
87%
7Kostrzyn nad Odrągorzowski17 704
80%
19Skwierzynamiędzyrzecki9 186
73%
10Gubinkrośnieński15 798
67%
13Lubskożarski12 971
60%
20Kożuchównowosolski8 945
53%
14Szprotaważagański10 747
53%

Rozkład punktacji

Percentyl według liczby udzielonych odpowiedzi

Procent ludzi z każdym wynikiem

Twoja historia wyników

Nie rozwiązałeś tego quizu